000 00680nam a22002057a 4500
005 20141119165859.0
010 _aENG-111214
020 _a9780199450633
_c1095.00
035 _aEN-94746
037 _bDBAD/PUB
082 _a341
245 _aCritical international law :
_bpostrealism, postcolonialism and transnationlism /
_cedited by Prabhakar Singh [and] Benoit Mayer
260 _aNew Delhi
_bOxford University Press
_c2014
270 _aYMCA Library building, 1 Jai Singh Road
_bNew Delhi
_e110001
300 _axiv,365p.
_c23cm(Hb)
500 _aIncludes index
700 _aPrabhakar, Singh
700 _aMayer, Benoit
942 _2ddc
_cEN
_mCRI
_h341
999 _c90015
_d90015